banner koha

Estudos sobre hospedeiros de Radopholus similis e Helicotylenchus multicinctus [nematoide, parasito de planta, banana, Musa spp., fruta citrica] (Registro n. 334769)

MARC details
000 -LÍDER
campo de controle de tamanho fixo 01523naa a22003497a 4500
001 - NÚMERO DE CONTROLE
campo de controle BR8401368
003 - IDENTIFICADOR DO NÚMERO DE CONTROLE
campo de controle BR-BrBNA
005 - DATA E HORÁRIO DA ÚLTIMA TRANSAÇÃO
campo de controle 20250721154434.0
007 - CAMPO FIXO DE DESCRIÇÃO FÍSICA--INFORMAÇÃO GERAL
campo de controle de tamanho fixo ta
008 - CAMPO DE DADOS FIXOS--INFORMAÇÃO GERAL
campo de controle de tamanho fixo 250630b bl.|||m| |||| 00| 0 por d
040 ## - FONTE DA CATALOGAÇÃO
Instituição da catalogação original BR-BrBNA
Idioma da catalogação por
Instituição que transcreveu o registro Biblioteca Nacional de Agricultura
041 ## - CÓDIGO DE IDIOMA
Código do idioma do texto/trilha sonora ou título diferente (Pt)
072 ## - CÓDIGO DE CATEGORIA DE ASSUNTO
Código de Categoria de Assunto H10
Código do objeto 1112
-- 1000
-- 4050
090 ## - NÚMERO DE CHAMADA LOCAL
Número de chamada H10 BR8401368
100 1# - ENTRADA PRINCIPAL--NOME PESSOAL
Nome pessoal Zem, A.C.
100 1# - ENTRADA PRINCIPAL--NOME PESSOAL
Nome pessoal Lordello, L.G.E.
111 1# - ENTRADA PRINCIPAL--NOME DO EVENTO
Nome do evento ou lugar 7. Reuniao Brasileira de Nematologia
Local do evento Brasilia, DF (Brazil)
Data do evento ou assinatura do tratado 21-25 Feb 1983
245 1# - TÍTULO
Título Estudos sobre hospedeiros de Radopholus similis e Helicotylenchus multicinctus [nematoide, parasito de planta, banana, Musa spp., fruta citrica]
246 1# - FORMA VARIANTE DO TÍTULO
Título/título abreviado Studies on Radopholus similis and Helicotylenchus multicinctus hosts [nematode, plant parasite, banana, Musa spp., citrus fruit]
246 1# - FORMA VARIANTE DO TÍTULO
Título/título abreviado [Works submitted to the 7. Brazilian Meeting on Nematology]
490 ## - TÍTULO DA SÉRIE
Título da série Publicacao - Sociedade Brasileira de Nematologia (Brazil)
Número do volume ou designação sequencial da série no. 7
ISSN - International Standard Serial Number ISSN 0101-7020
500 ## - NOTA GERAL
Nota geral Trabalhos apresentados a 7. Reuniao Brasileira de Nematologia<br/>Piracicaba, SP (Brasil): 1983. p. 175-187 [40 ref.; Summaries (En, Pt)]<br/>(BR8401368-AMS)<br/>
650 ## - ASSUNTO--TERMO TÓPICO
Cabeçalho tópico ou nome geográfico BANANA
650 ## - ASSUNTO--TERMO TÓPICO
Cabeçalho tópico ou nome geográfico FRUTA CITRICA
650 ## - ASSUNTO--TERMO TÓPICO
Cabeçalho tópico ou nome geográfico NEMATOIDE
650 ## - ASSUNTO--TERMO TÓPICO
Cabeçalho tópico ou nome geográfico PARASITO DE PLANTA
650 ## - ASSUNTO--TERMO TÓPICO
Cabeçalho tópico ou nome geográfico HOSPEDEIRO
650 ## - ASSUNTO--TERMO TÓPICO
Cabeçalho tópico ou nome geográfico INFESTACAO
773 0# - ENTRADA ANALÍTICA
Título Trabalhos apresentados a 7. Reuniao Brasileira de Nematologia
Número de controle do registro H10 BR8401368
Partes relacionadas Piracicaba, SP (Brasil), 1983. p. 175-187
942 ## - ELEMENTOS DE ENTRADA ADICIONADOS (KOHA)
Tipo de material Koha Analítica de Monografia Seriada
Fonte da classificação ou esquema de arquivamento na estante Classificação AGRIS
909 ## -
-- 202506
-- Lúcia
-- 55
-- Lúcia Elande
Exemplares
Situação do descarte Fonte da classificação ou esquema de arquivamento na estante Situação física Não pode ser emprestado Coleção Biblioteca de origem Biblioteca atual Total de empréstimos Data de último acesso Número do exemplar Tipo de material Koha Situação das perdas Data de aquisição Fonte de aquisição
  Classificação AGRIS       Biblioteca Nacional de Agricultura - Binagri Biblioteca Nacional de Agricultura - Binagri   30/06/2025 01 Analítica de Monografia Seriada   2025-06-30 Portaria Interministerial nº 164/94

BINAGRI

Telefone: (61)3218-2567/2388/3357/2097 - binagri@agro.gov.br

Ministério da Agricultura e Pecuária , Esplanada dos Ministérios, Bloco D, Anexo B, Brasília/DF, CEP: 70.043-900